000 00822nam a2200265Ia 4500
003 OSt
005 20220927112137.0
006 a|||||r|||| 00| 0
007 ta
008 220926b |||||||| |||| 00| 0 eng d
024 _a74106
037 _cReports
040 _aRTL
_cRTL
_beng
041 _2eng
_aeng
082 _a"X723.211.M25<-L86, A.1-A.5"
110 _a"Madras. Revenue(Board of-), courts of directors."
_9383217
245 0 _aGeneral reports from 1786-1825
260 _aMadras
_bScottish press India
_c1871
300 _aVarious pagination
_ccm.
490 _v35V in 5pts
650 _aLand Taxation
700 _a"Madras. Revenue(Board of-), courts of directors."
_9383218
942 _h"X723.211.M25<-L86, A.1-A.5"
_cCC
999 _c699859
_d699859